000 00867nam a22002417a 4500
999 _c22552
_d22552
003 AR-CdUCM
008 190423b ||||| |||| 00| 0 spa d
020 _a9786124694387
040 _aMUNICIPALIDAD PROVINCIAL DEL CUSCO
_cBIBLIOTECA MUNICIPAL DEL CUSCO
041 _hspa
082 _aES/398.210985/V61
_bV61
100 _aVienrich, Adolfo
_910245
245 _aFábulas quechuas /
_cAdolfo Vienrich ; [ilustraciones José Luis Torres Vitolas]
260 _aLima :
_bEdit. Casa Cartón Perú,
_c2019.
300 _a100, [3] páginas. :
_bilustraciones ;
_c22 cm.
500 _aTexto en español y quechua en páginas opuestas.
650 _aFábulas quechuas
_948493
650 _aCuentos folclóricos peruanos
_95451
650 _aLiteratura infantil
_9588
700 _aTorres Vitolas, José Luis
_eilustrador
_948494
942 _2ddc
_cLIBROS
945 _arac